000 00303nam a2200121Ia 4500
005 20251222143127.0
008 251222s9999||||xx |||||||||||||| ||spa||
020 _a84-494-0699-4
082 _aREF.500.3/O28
245 0 _aEnciclopedia Didáctica de Ciencias Naturales
264 _bOcéano
942 _cLIB
999 _c11767
_d11767